00522nam a2200193 a 4500001001300000003000900013005001700022008004100039020000900080082001600089100002600105245004300131260004400174300000900218500003500227505002400262650001600286700002600302nice12345678IN_TiNIC20260116013451.0050524s1998 chea grp 000 0 eng  ac6500a297.7bFAR2 aFaridi, Fazlur Rahman aLiving as a Muslim in a Plural Society aChennaibIslamic Foundation Trustc1998 a105p aincludes index and biblioraphy2 areference and notes aDawah-Islam1 aFaridi, Fazlur Rahman